Billboard Hot 100 #1 Hits of 2024 - Statistics

General Stats
  • This quiz has been taken 27 times
  • The average score is 40 of 52
Answer Stats
Issue Date #1 Hit Artist % Correct
July 13 A Bar Song (Tipsy) Shaboozey
96%
July 27 A Bar Song (Tipsy) Shaboozey
96%
August 3 A Bar Song (Tipsy) Shaboozey
96%
August 10 A Bar Song (Tipsy) Shaboozey
96%
August 17 A Bar Song (Tipsy) Shaboozey
96%
August 24 A Bar Song (Tipsy) Shaboozey
96%
August 31 A Bar Song (Tipsy) Shaboozey
96%
September 7 A Bar Song (Tipsy) Shaboozey
96%
September 14 A Bar Song (Tipsy) Shaboozey
96%
September 21 A Bar Song (Tipsy) Shaboozey
96%
September 28 A Bar Song (Tipsy) Shaboozey
96%
October 5 A Bar Song (Tipsy) Shaboozey
96%
October 12 A Bar Song (Tipsy) Shaboozey
96%
October 19 A Bar Song (Tipsy) Shaboozey
96%
October 26 A Bar Song (Tipsy) Shaboozey
96%
November 9 A Bar Song (Tipsy) Shaboozey
96%
November 16 A Bar Song (Tipsy) Shaboozey
96%
November 23 A Bar Song (Tipsy) Shaboozey
96%
November 30 A Bar Song (Tipsy) Shaboozey
96%
May 4 Fortnight Taylor Swift ft. Post Malone
91%
May 11 Fortnight Taylor Swift ft. Post Malone
91%
December 14 All I Want for Christmas Is You Mariah Carey
87%
December 21 All I Want for Christmas Is You Mariah Carey
87%
December 28 All I Want for Christmas Is You Mariah Carey
87%
April 27 Too Sweet Hozier
87%
March 30 Lose Control Teddy Swims
83%
March 2 Texas Hold 'Em Beyoncé
83%
March 9 Texas Hold 'Em Beyoncé
83%
May 18 Not Like Us Kendrick Lamar
78%
July 20 Not Like Us Kendrick Lamar
78%
June 29 Please Please Please Sabrina Carpenter
78%
January 6 Rockin' Around the Christmas Tree Brenda Lee
78%
May 25 I Had Some Help Post Malone ft. Morgan Wallen
70%
June 1 I Had Some Help Post Malone ft. Morgan Wallen
70%
June 8 I Had Some Help Post Malone ft. Morgan Wallen
70%
June 15 I Had Some Help Post Malone ft. Morgan Wallen
70%
June 22 I Had Some Help Post Malone ft. Morgan Wallen
70%
July 6 I Had Some Help Post Malone ft. Morgan Wallen
70%
March 23 We Can't Be Friends (Wait for Your Love) Ariana Grande
65%
January 13 Lovin on Me Jack Harlow
61%
January 20 Lovin on Me Jack Harlow
61%
February 3 Lovin on Me Jack Harlow
61%
February 17 Lovin on Me Jack Harlow
61%
February 24 Lovin on Me Jack Harlow
61%
January 27 Yes, And? Ariana Grande
57%
March 16 Carnival Ye & Ty Dolla Sign ft. Rich the Kid and Playboi Carti
52%
February 10 Hiss Megan Thee Stallion
48%
April 6 Like That Future, Metro Boomin, & Kendrick Lamar
39%
April 13 Like That Future, Metro Boomin, & Kendrick Lamar
39%
April 20 Like That Future, Metro Boomin, & Kendrick Lamar
39%
December 7 Squabble Up Kendrick Lamar
39%
November 2 Love Somebody Morgan Wallen
13%
No matching quizzes found
Score Distribution
Percent of People with Each Score
Percentile by Number Answered
Your Score History
You have not taken this quiz